| 000 | 00885nam a2200253Ia 4500 | ||
|---|---|---|---|
| 003 | OSt | ||
| 005 | 20220923224650.0 | ||
| 006 | a|||||r|||| 00| 0 | ||
| 007 | ta | ||
| 008 | 220922b |||||||| |||| 00| 0 hin d | ||
| 024 | _a248,646 | ||
| 037 | _cTextual | ||
| 040 |
_aARTS _cARTS _bhin |
||
| 041 |
_2hin _ahin |
||
| 082 | _aO115,2M28,1, 152M2 | ||
| 100 |
_aइब्सन; कौशल, जितेन्द्र कुमार, अनु. _9168189 |
||
| 245 | 0 | _aजन शत्रु | |
| 246 | _aJan shatru | ||
| 260 |
_aनई दिल्ली _b अरूण प्रकाशन _c1982 |
||
| 300 |
_a64पृ. _ccm. |
||
| 650 |
_aहिन्दी साहित्य _9156264 |
||
| 942 |
_hO115,2M28,1, 152M2 _cTEXL _2CC |
||
| 999 |
_c372814 _d372814 |
||